| 000 | 00392nam a2200145Ia 4500 | ||
|---|---|---|---|
| 008 | 210210b1986 xxu||||| |||| 00| 0 eng d | ||
| 020 | _a81 210 0173 0 | ||
| 082 | _a305.62 SAHC | ||
| 100 | _aSAHAY (Keshari N). | ||
| 245 | _aChristianity and culture change in India. | ||
| 260 |
_aNew Delhi. _bInter-India Publications., _c1986 |
||
| 300 | _a332 | ||
| 690 | _aSocial Groups | ||
| 906 | _a039286 | ||
| 999 |
_c89214 _d89214 |
||